000 00280nam a2200085Ia 4500
245 0 _aAccess to knowledge in Africa : the role of copyright
100 _a Armstrong, C. , 1965- Claremont [South Africa], 2010
_959089
942 _cBK
008 210817s9999 xx 000 0 und d
999 _c321089
_d321088